000 00305nam a22001337a 4500
008 170829b xxu||||| |||| 00| 0 eng d
020 _a9780070389885
041 _aeng
080 _a070
100 _a39
101 _aMED
245 _aTHE SPEECH COMMUNICATION TEACHER
_cLUCAS.S.E
942 _2udc
_cBK
999 _c25338
_d25338